METODOS DE INVESTIGACION SOCIAL/

TRADUCCION DE: METHODS IN SOCIAL RESEARCH

Gardado en:
Detalles Bibliográficos
Autor Principal: Goode, William J. (autor)
Outros autores: Hatt, Paul K. (autor) (autor)
Formato: Libro
Temas:
Etiquetas: Engadir etiqueta
Sen Etiquetas, Sexa o primeiro en etiquetar este rexistro!

MARC

LEADER 00000nam^a2200000^a^4500
001 000215353
005 20250521000000.0
009 20260310103625.121
035 |a 040162 
037 |a Acervo Xavier Clavigero 
082 |a 300. 18  |b GOO 
100 |a Goode, William J.  |e (autor) 
245 1 0 |a METODOS DE INVESTIGACION SOCIAL/  |c WILLIAM J. GOODE, PAUL K. HATT; TR. RAMON PALAZON B 
264 |a MEXICO :  |b TRILLAS,  |c 1967 
300 |a 469p. :  |b tbs. 
336 |a texto  |b txt  |2 rdacontenido 
337 |a sin mediación  |b n  |2 rdamedio 
338 |a volumen  |b nc  |2 rdasoporte 
520 |a TRADUCCION DE: METHODS IN SOCIAL RESEARCH 
520 |a INDICE 
649 |a XX 
650 |a Ciencias Sociales -  |x Metodología 
700 |a Hatt, Paul K.  |e (autor) 
910 |a Fondo General 
920 |a Impresos - Libros 
930 |a Colección General 
905 |a 101 
901 |a 040162  |b IT1  |c ACC  |i 040162  |u 20250521 
902 |a https://opac.biblio.iteso.mx/vufind/Record/000215353